Electoral College Votes, 1996

Saved in:
Bibliographic Details
Corporate Author: U.S. National Archives and Records Administration. Office of the Federal Register
Format: Text
Published: Washington D.C.: national Archives and Records Administration
Tags: Add Tag
No Tags, Be the first to tag this record!

MARC

LEADER 00000 a a2200000 04500
001 24047
003
040
090 |a 170600  
110 |a U.S. National Archives and Records Administration. Office of the Federal Register  
245 |a Electoral College Votes, 1996  
260 |a Washington D.C.:   |b national Archives and Records Administration  
300 |a 9 p.  
999 |c 514  |d 514